| 000 | 00896nam a2200277 a 4500 | ||
|---|---|---|---|
| 999 |
_c2692 _d2692 |
||
| 001 | 015581425 | ||
| 003 | Uk | ||
| 005 | 20230810140323.0 | ||
| 008 | 101022s2010 enkabc j 001 0 eng d | ||
| 020 | _a9781850085508 (pbk.) : | ||
| 020 | _a1850085501 (pbk.) : | ||
| 040 |
_aStDuBDS _beng _cStDuBDS _dUk _dKH8 |
||
| 042 | _aukblcatcopy | ||
| 082 | 0 | 4 | _a909.097 WIL |
| 100 | 1 |
_aWilkes, A. _q(Aaron) _eauthor. |
|
| 245 | 1 | 4 |
_aThe rise and fall of the British Empire / _cAaron Wilkes. |
| 260 |
_aHaddenham : _bFolens, _c2010. |
||
| 300 |
_a80 pages : _bchiefly colour illustrations, colour maps, ports. (some col.) ; _c8.66 x 0.24 x 10.87 inches |
||
| 336 |
_atext _2rdacontent |
||
| 337 |
_aunmediated _2rdamedia |
||
| 338 |
_avolume _2rdacarrier |
||
| 490 | 0 | _aFolens in depth | |
| 500 | _aIncludes index. | ||
| 651 | 0 |
_aGreat Britain _xColonies _xHistory _vJuvenile literature. |
|
| 942 |
_2ddc _cTR |
||